Представление документа в формате MARC21

Поле Инд. ПП Название Значение
Тип записи a
Библиографический уровень b
001 Контрольный номер RU/IS/BASE/187796671
005 Дата корректировки 20201123170144.8
008 Кодируемые данные 20051213
084 a Индекс другой классификации/Индекс ББК 88.929
100 1_ a Автор Линде Н. Д.
q Полное имя Линде Николай Дмитриевич
245 10 a Заглавие Эмоционально-образная терапия в работе Телефона доверия
504 a Библиография Лит. в конце статьи
520 0_ a Аннотация Приведены примеры телефонного консультирования в ситуации постсуицида, потери близкого человека (мужа), аллергии у 8-летнего мальчика
650 04 a Основная рубрика практическая психология (прикладная психология)
a Основная рубрика психология
a Основная рубрика психологическое консультирование
653 0_ a Ключевые слова "телефон доверия"
a Ключевые слова консультативная психология
a Ключевые слова коррекционно-реабилитационная работа
a Ключевые слова психическое здоровье
a Ключевые слова психологические методы
a Ключевые слова психосоциальная работа
a Ключевые слова психотерапия
a Ключевые слова соматическое здоровье
a Ключевые слова телефонное консультирование
a Ключевые слова трудная жизненная ситуация
a Ключевые слова эмоционально-образная терапия
700 12 a Автор Воронцова В. В.
773 18 t Заглавие источника Вестник психосоциальной и коррекционно-реабилитационной работы
d Дата издания источника 2005
g Прочая информация № 4. - С. 22 - 35
w Контрольный № источника RU/IS/BASE/187364321
901 t Тип документа b